000 01232nam0a22003251 4500
001 v19\rc\1572992
005 20061002104238.0
035 _a(NLR Aleph) 004701714
090 _a4076942
_c4076942
100 _a20061002d1892 |||y0rusy50 ca
101 0 _arus
102 _aRU
105 _aa z |||a|
200 1 _aФантастические повести Н.В. Гоголя
_eАльбом
210 _aСанкт-Петербург
_cЕ. Евдокимов
_dценз. 1892
215 _a8 с., 12 л. цв. ил.
_d29х36
300 _aЗагл. обл.: Альбом к повестям Гоголя
311 _aБеспл. прил. к журн. "Север". 1892 г.
422 0 _12001#$aСевер$v1892
512 0 _aАльбом к повестям Гоголя
532 1 0 _aФантастические повести Николая Васильевича Гоголя
702 1 _aГоголь
_bН. В.
_f1809-1852
_gНиколай Васильевич
_3RU\NLR\AUTH\773480
_4570
801 0 _aRU
_bNLR
_gpsbo
801 0 _aRU
_bRuMoRGB
_2psbo
801 1 _aRU
_bProSoft-M
_2rusmarc
852 _aNLR
_bЭ
_jАлИс570/2-Г585
899 _aRuMoRGB
_jC 22/123
899 _aБАН
942 _cBOOK
980 _aNB